Perumahan : definasi pasaran dan pembangunan kondominium/pangsapuri di Kuala Lumpur

Bibliographic Details
Main Author: Melor Wati Bt. Othman
Corporate Author: INSPEN
Format: Book
Subjects:
Online Access:http://app.inspen.gov.my:7779/pls/portal/docs/PAGE/CORPORATEPAGES/PORTAL_INSPEN/LAPORAN_PENYELIDIKAN_DI_PERPUSTAKAAN/FN.PDF

MARC

LEADER 00000cam a2200000 7i4500
001 0000007447
005 20070905.0
040 |a INS 
090 0 0 |a RESEARCH 64 
100 0 |a Melor Wati Bt. Othman 
245 1 0 |a Perumahan :   |b definasi pasaran dan pembangunan kondominium/pangsapuri di Kuala Lumpur   |c oleh Melor Wati Bt. Othman 
300 |c 29cm. 
500 |a Digital document is available on-line; Please click the URL below 
650 0 0 |a Condominium   |z Kuala Lumpur 
650 0 0 |a Housing 
710 2 |a INSPEN 
856 |u http://app.inspen.gov.my:7779/pls/portal/docs/PAGE/CORPORATEPAGES/PORTAL_INSPEN/LAPORAN_PENYELIDIKAN_DI_PERPUSTAKAAN/FN.PDF 
999 |a RES0000123   |b BOOK   |c Research By JPPH Staff   |e Default branch